| 000 | 00494nam a2200181Ia 4500 | ||
|---|---|---|---|
| 001 | 7648 | ||
| 005 | 20260306160510.0 | ||
| 008 | 260306t2010||||xx |||||||||||||| ||spa|| | ||
| 041 | _aESP | ||
| 082 |
_a352.75 _bI59A 2010 |
||
| 110 |
_aInstituto Nacional de Estadística e Informática _eAUT |
||
| 245 | 0 |
_aArequipa: _bIV censo nacional económico. Resultados definitivos |
|
| 260 | _c2010 | ||
| 300 |
_a674 páginas : _c30 cm. |
||
| 650 | _aGEN | ||
| 654 | _aCAN | ||
| 942 |
_cLIB _dJUS _fJUS _2ddc _n |
||
| 999 |
_c7648 _d7648 |
||